Sociálne médiá v marketingovej komunikácii hotela

Sociálne médiá v marketingovej komunikácii hotela Plauter Kúria (Veľký Meder). Analýza súčasného spôsobu využitia sociálnych médií hotelom a jeho kritické hodnotenie. Vytvorenie novej mediálnej stratégie hotela na zvolených sociálnych médiách. Hodnotenie úspešnosti nového spôsobu prezentácie hotela...

Descrizione completa

Salvato in:
Dettagli Bibliografici
Autore principale: Kósa, Judit
Altri autori: Bažó, Ladislav, 1980-
Natura: Capitolo di libro
Lingua:slovacco
Soggetti:
Tags: Aggiungi Tag
Nessun Tag, puoi essere il primo ad aggiungerne!!

MARC

LEADER 00000nla a2200000 4500
001 0195712
005 20240502073304.1
041 0 |a slo 
044 |a SK 
245 1 0 |a Sociálne médiá v marketingovej komunikácii hotela  |c Judit Kósa, Ladislav Bažó 
520 |a Sociálne médiá v marketingovej komunikácii hotela Plauter Kúria (Veľký Meder). Analýza súčasného spôsobu využitia sociálnych médií hotelom a jeho kritické hodnotenie. Vytvorenie novej mediálnej stratégie hotela na zvolených sociálnych médiách. Hodnotenie úspešnosti nového spôsobu prezentácie hotela po prvom mesiaci implementácie mediálnych plánov na sociálnej sieti Facebook a na sociálnom médiu YouTube. 
610 2 0 |a hotely 
610 2 0 |a médiá sociálne 
610 2 0 |a komunikácia marketingová 
100 1 |a Kósa, Judit 
700 1 |a Bažó, Ladislav, 1980-